000 00637nam a22002172 4500
001 0000005160
005 20151217151954.0
008 070607s xx 000 0 eng d
020 _a8131704122 :
040 _aKABU
_cKABU
050 0 _aTK5102.94
_b.S65
100 1 _aSmith, Richard E.
_@0000099885
245 1 0 _aInternet cryptography.
260 _aNew Delhi :
_bDorling Kindersley,
_c2000.
300 _axx, 356 p.
650 0 _aInternet
_xSecurity measures.
_@0000156301
650 0 _aData encryption (Computer science)
_@0000156302
908 _a070607
950 _@1
999 _c6878
_d6878